000 00539cam a2200169 i 4500
005 20260204110131.0
008 250721s2003 jo gr 000 0 ara d
082 1 4 _a398.6
_bم ص ط
100 1 _aمصطفى، شريف
_eمعد.
245 1 0 _aموسوعة عجائب الألغاز /
_cإعداد شريف مصطفى.
250 _aالطبعة الأولى.
264 3 1 _aعمان :
_bدار أسامة للنشر،
_c2003.
300 _a248 صفحة.
650 1 7 _aالألغاز.
942 _2ddc
_cBK
999 _c81988
_d81988